Dobrodružství architektury

Salvato in:
Dettagli Bibliografici
Autore principale: Syrový, Petr (Autore)
Natura: Libro
Lingua:ceco
Pubblicazione: Praha : ABF-ARCH, 1999
Soggetti:
Tags: Aggiungi Tag
Nessun Tag, puoi essere il primo ad aggiungerne!!

MARC

LEADER 00000nam a22000003a 4500
001 stu51869
005 20150617225707.2
008 000201s1999----xr------------------cze-d
020 |a 80-86165-28-0 
040 |a STU  |b slo 
041 0 |a cze 
044 |a xr 
080 |a 72 
100 1 |a Syrový, Petr  |4 aut 
245 1 |a Dobrodružství architektury 
260 |a Praha :  |b ABF-ARCH,  |c 1999 
300 |a 353 s 
300 |a 353 s.;obr.,schémy 
650 7 |a architektúra-dejiny  |2 stusub 
996 |b 284AU00212  |c A*3446 U  |l AAKNAR  |s A  |a 24  |w stu51869_0001 
996 |b 284V026472  |c V*47181/O-20750  |l VVT  |s A  |a 24  |w stu51869_0003 
996 |b 284V000405  |c V*47182/O-20750a  |l VVS  |s A  |a 24  |w stu51869_0004 
996 |b 284V000406  |c V*47183/O-20750b  |l VVS  |s A  |a 24  |w stu51869_0005 
996 |b 284V016057  |c V*47184/O-20750c  |l VVS  |s A  |a 24  |w stu51869_0006 
996 |b 284V000407  |c V*47185/O-20750d  |l VVS  |s A  |a 24  |w stu51869_0007 
996 |b 284AU02240  |c A*3445 U  |l AAKNAR  |s A  |a 24  |w stu51869_0008 
996 |b 284AU00245  |c A*3341 U  |l AAKNAR  |s A  |a 24  |w stu51869_0009